JULIUS CAESAR (Record no. 65700)

MARC details
000 -LEADER
fixed length control field 00384nam a2200181Ia 4500
008 - FIXED-LENGTH DATA ELEMENTS--GENERAL INFORMATION
fixed length control field 090123s9999 xx 000 0 und d
082 ## - DEWEY DECIMAL CLASSIFICATION NUMBER
Item number 27397
100 ## - MAIN ENTRY--PERSONAL NAME
Personal name W.TURNER
245 ## - TITLE STATEMENT
Title JULIUS CAESAR
250 ## - EDITION STATEMENT
Edition statement 0
260 ## - PUBLICATION, DISTRIBUTION, ETC. (IMPRINT)
Name of publisher, distributor, etc CHAND AND CO.
300 ## - PHYSICAL DESCRIPTION
Extent 269
600 ## - SUBJECT ADDED ENTRY--PERSONAL NAME
Personal name W.TURNER
630 ## - SUBJECT ADDED ENTRY--UNIFORM TITLE
Uniform title JULIUS CAESAR
700 ## - ADDED ENTRY--PERSONAL NAME
Personal name W.TURNER
730 ## - ADDED ENTRY--UNIFORM TITLE
Uniform title JULIUS CAESAR
942 ## - ADDED ENTRY ELEMENTS (KOHA)
Koha item type Book
Holdings
Withdrawn status Lost status Damaged status Not for loan Home library Current library Date acquired Cost, normal purchase price Total Checkouts Full call number Barcode Date last seen Cost, replacement price Price effective from Koha item type
        Jawahar Wachalanalaya, Kalwa Jawahar Wachalanalaya, Kalwa 03/31/2002 30.00   27397 KLW-27397 01/23/2009 30.00 01/23/2009 Book